000 00968nam a22002417a 4500
001 1509
005 20231002084317.0
020 _a9789924341000
040 _aFISKH
_beng
_cFISKH
_dFISKH
082 _a959.6
100 _aBrunon, Paul
245 _aLes khmers /
260 _aPhnom Penh :
_bSipar,
_c2020.
300 _a44 pages :
_bcolor illustrations ;
_c20 cm
490 _aJe voudrais savoir
_vvolume 1
505 _aZ'
520 _a Same as ‘The Khmers Part 1, from 1st- 15th century’; however, written in French, describes significant historical events divided by reign, period from the early history of Cambodia (1st -15th century) including Khmer proto-history, Indianization, Chakravartin, Angkor city architect, relationship between neighboring countries.
521 _a1000
_bLexile estimate
521 _aZ'
_bRaz-Plus
650 _aHistory
_vReign
_xArchitect
700 _aMengcheang, Sunheng
_cAuthor
942 _2ddc
_cBK
_n0
999 _c1509
_d1509